[Event "Irena Warakomska Memorial A"]
[Site "Suwalki"]
[Date "2021.07.27"]
[Round "1"]
[White "Chatalbashev, Boris"]
[Black "Indriunas, Matas"]
[Result "1-0"]
[Board "3"]
[WhiteElo "2535"]
[WhiteTitle "GM"]
[WhiteCountry "DEN"]
[WhiteFideId "2900440"]
[WhiteEloChange "1"]
[BlackElo "2210"]
[BlackCountry "LTU"]
[BlackFideId "12812897"]
[BlackEloChange "-3"]

1. d4 {[%clk 1:30:57]} Nf6 {[%clk 1:30:21]} 2. c4 {[%clk 1:30:56]} e6 {[%clk
1:30:37]} 3. Nc3 {[%clk 1:31:21]} Bb4 {[%clk 1:30:39]} 4. Nf3 {[%clk 1:31:43]} c5
{[%clk 1:30:07]} 5. g3 {[%clk 1:32:05]} Nc6 {[%clk 1:30:01]} 6. Bg2 {[%clk
1:32:21]} Ne4 {[%clk 1:29:38]} 7. Bd2 {[%clk 1:32:40]} Nxd2 {[%clk 1:29:21]} 8.
Qxd2 {[%clk 1:33:03]} cxd4 {[%clk 1:29:27]} 9. Nxd4 {[%clk 1:33:28]} O-O {[%clk
1:28:55]} 10. O-O {[%clk 1:33:29]} Ne5 {[%clk 1:28:14]} 11. b3 {[%clk 1:33:49]}
a6 {[%clk 1:28:07]} 12. a3 {[%clk 1:33:13]} Be7 {[%clk 1:26:34]} 13. Rfd1 {[%clk
1:33:30]} Qc7 {[%clk 1:24:43]} 14. f4 {[%clk 1:31:03]} Nc6 {[%clk 1:19:01]} 15.
e3 {[%clk 1:30:51]} Rb8 {[%clk 1:13:21]} 16. Rdc1 {[%clk 1:20:51]} d6 {[%clk
1:01:44]} 17. Nd5 {[%clk 1:16:09]} Qd7 {[%clk 0:53:59]} 18. Nxe7+ {[%clk
1:16:17]} Nxe7 {[%clk 0:54:15]} 19. Rc3 {[%clk 1:12:30]} b6 {[%clk 0:49:30]} 20.
Rd1 {[%clk 1:05:10]} Bb7 {[%clk 0:48:18]} 21. Nf3 {[%clk 1:04:48]} Nc8 {[%clk
0:40:13]} 22. b4 {[%clk 0:59:15]} Qe7 {[%clk 0:36:18]} 23. Qd4 {[%clk 0:45:55]}
Rd8 {[%clk 0:25:36]} 24. e4 {[%clk 0:42:22]} Na7 {[%clk 0:24:51]} 25. Qxb6 {[%clk
0:41:25]} Bxe4 {[%clk 0:24:51]} 26. Qxa6 {[%clk 0:40:43]} e5 {[%clk 0:19:25]} 27.
Re1 {[%clk 0:37:40]} f5 {[%clk 0:18:12]} 28. Nh4 {[%clk 0:31:08]} Bxg2 {[%clk
0:14:35]} 29. Nxg2 {[%clk 0:31:12]} e4 {[%clk 0:13:06]} 30. Ne3 {[%clk 0:27:43]}
Qf6 {[%clk 0:13:28]} 31. Rcc1 {[%clk 0:27:23]} Ra8 {[%clk 0:12:46]} 32. Qa5
{[%clk 0:23:15]} g6 {[%clk 0:12:46]} 33. Red1 {[%clk 0:21:35]} Kh8 {[%clk
0:12:06]} 34. Qd5 {[%clk 0:21:19]} Qb2 {[%clk 0:10:54]} 35. b5 {[%clk 0:21:00]}
Rac8 {[%clk 0:09:24]} 36. a4 {[%clk 0:19:31]} Rc5 {[%clk 0:04:40]} 37. Qxc5
{[%clk 0:18:26]} dxc5 {[%clk 0:04:59]} 38. Rxd8+ {[%clk 0:18:52]} Kg7 {[%clk
0:05:23]} 39. Rc2 {[%clk 0:18:58]} Qa1+ {[%clk 0:05:31]} 40. Rd1 {[%clk 0:47:44]}
Qxa4 {[%clk 0:35:51]} 41. Rd7+ {[%clk 0:46:42]} Kg8 {[%clk 0:34:53]} 42. Rcd2
{[%clk 0:43:53]} Qa1+ {[%clk 0:33:25]} 43. Nf1 {[%clk 0:43:54]} Qa5 {[%clk
0:27:45]} 44. Rd8+ {[%clk 0:41:18]} Kg7 {[%clk 0:27:34]} 45. R2d7+ {[%clk
0:41:39]} Kf6 {[%clk 0:24:23]} 46. Rd6+ {[%clk 0:37:41]} Ke7 {[%clk 0:24:40]} 47.
b6 {[%clk 0:36:08]} Nc8 {[%clk 0:24:31]} 48. Rxc8 {[%clk 0:36:03]} 1-0

[Event "Irena Warakomska Memorial A"]
[Site "Suwalki"]
[Date "2021.07.27"]
[Round "1"]
[White "Kubicka, Anna"]
[Black "Tomczak, Jacek"]
[Result "1/2-1/2"]
[Board "2"]
[WhiteElo "2210"]
[WhiteTitle "WIM"]
[WhiteCountry "POL"]
[WhiteFideId "1152254"]
[WhiteEloChange "8"]
[BlackElo "2603"]
[BlackTitle "GM"]
[BlackCountry "POL"]
[BlackFideId "1124668"]
[BlackEloChange "-4"]

1. e4 {[%clk 1:29:18]} d5 {[%clk 1:30:46]} 2. exd5 {[%clk 1:29:22]} Qxd5 {[%clk
1:31:04]} 3. Nc3 {[%clk 1:29:39]} Qa5 {[%clk 1:31:25]} 4. g3 {[%clk 1:25:06]} Nf6
{[%clk 1:15:31]} 5. Bg2 {[%clk 1:25:22]} c6 {[%clk 1:14:49]} 6. Nge2 {[%clk
1:22:29]} h5 {[%clk 1:08:44]} 7. h3 {[%clk 1:14:43]} g6 {[%clk 0:55:06]} 8. d4
{[%clk 1:12:09]} Bg7 {[%clk 0:55:13]} 9. Bf4 {[%clk 1:10:50]} Be6 {[%clk
0:50:13]} 10. a3 {[%clk 1:00:09]} Nbd7 {[%clk 0:42:03]} 11. O-O {[%clk 0:50:34]}
Nb6 {[%clk 0:31:19]} 12. Qc1 {[%clk 0:38:34]} Nbd5 {[%clk 0:24:39]} 13. Be5
{[%clk 0:37:51]} O-O {[%clk 0:22:14]} 14. Re1 {[%clk 0:34:02]} Rfd8 {[%clk
0:18:52]} 15. Nf4 {[%clk 0:28:30]} Nxf4 {[%clk 0:18:14]} 16. Qxf4 {[%clk
0:28:38]} Rd7 {[%clk 0:15:26]} 17. Qh4 {[%clk 0:23:44]} Bd5 {[%clk 0:12:07]} 18.
Nxd5 {[%clk 0:22:14]} cxd5 {[%clk 0:12:33]} 19. c3 {[%clk 0:19:36]} Qd8 {[%clk
0:10:27]} 20. Bf1 {[%clk 0:17:26]} Ne4 {[%clk 0:09:25]} 21. Bxg7 {[%clk 0:16:47]}
Kxg7 {[%clk 0:09:48]} 22. Bd3 {[%clk 0:16:45]} Nd6 {[%clk 0:07:55]} 23. g4 {[%clk
0:12:52]} e6 {[%clk 0:04:30]} 24. Qg3 {[%clk 0:07:12]} h4 {[%clk 0:03:39]} 25.
Qe3 {[%clk 0:07:33]} Qf6 {[%clk 0:02:13]} 26. g5 {[%clk 0:06:32]} Qe7 {[%clk
0:02:37]} 27. Qe5+ {[%clk 0:06:57]} Kh7 {[%clk 0:02:58]} 28. Qf4 {[%clk 0:07:01]}
Rh8 {[%clk 0:03:11]} 29. Qxh4+ {[%clk 0:07:01]} Kg8 {[%clk 0:01:22]} 30. Qg3
{[%clk 0:07:20]} Ne8 {[%clk 0:00:52]} 31. Re3 {[%clk 0:06:33]} Qd6 {[%clk
0:00:59]} 32. Qg4 {[%clk 0:05:13]} Ng7 {[%clk 0:01:20]} 33. Rae1 {[%clk 0:05:29]}
Rc7 {[%clk 0:01:34]} 34. Kg2 {[%clk 0:04:33]} Re7 {[%clk 0:01:42]} 35. R1e2
{[%clk 0:03:43]} Rh5 {[%clk 0:01:45]} 36. Re5 {[%clk 0:03:22]} Qd8 {[%clk
0:01:48]} 37. f4 {[%clk 0:02:22]} Rc7 {[%clk 0:01:41]} 38. Qf3 {[%clk 0:02:30]}
Rh4 {[%clk 0:01:35]} 39. Qg3 {[%clk 0:02:16]} Rh8 {[%clk 0:01:52]} 40. Qg4 {[%clk
0:32:15]} a6 {[%clk 0:31:23]} 41. Qg3 {[%clk 0:26:17]} Kf8 {[%clk 0:30:12]} 42.
Qf3 {[%clk 0:25:23]} Rh4 {[%clk 0:28:47]} 43. Qg3 {[%clk 0:25:45]} Rh8 {[%clk
0:29:11]} 44. Qf3 {[%clk 0:26:11]} Rh4 {[%clk 0:29:20]} 45. Qg3 {[%clk 0:26:34]}
1/2-1/2

[Event "Irena Warakomska Memorial A"]
[Site "Suwalki"]
[Date "2021.07.27"]
[Round "1"]
[White "Socko, Bartosz"]
[Black "Mulet, Piotr"]
[Result "1-0"]
[Board "1"]
[WhiteElo "2619"]
[WhiteTitle "GM"]
[WhiteCountry "POL"]
[WhiteFideId "1107038"]
[WhiteEloChange "1"]
[BlackElo "2215"]
[BlackTitle "FM"]
[BlackCountry "POL"]
[BlackFideId "1106244"]
[BlackEloChange "-2"]

1. d4 {[%clk 1:30:57]} Nf6 {[%clk 1:30:31]} 2. c4 {[%clk 1:31:22]} g6 {[%clk
1:30:52]} 3. f3 {[%clk 1:31:47]} d5 {[%clk 1:30:01]} 4. cxd5 {[%clk 1:32:10]}
Nxd5 {[%clk 1:30:24]} 5. e4 {[%clk 1:32:35]} Nb6 {[%clk 1:30:49]} 6. Nc3 {[%clk
1:33:00]} Bg7 {[%clk 1:31:14]} 7. Be3 {[%clk 1:33:26]} O-O {[%clk 1:31:32]} 8.
Qd2 {[%clk 1:33:51]} Nc6 {[%clk 1:31:53]} 9. O-O-O {[%clk 1:34:14]} e5 {[%clk
1:31:15]} 10. d5 {[%clk 1:34:32]} Nd4 {[%clk 1:31:35]} 11. f4 {[%clk 1:34:53]} c5
{[%clk 1:31:54]} 12. fxe5 {[%clk 1:35:00]} Bg4 {[%clk 1:32:15]} 13. Re1 {[%clk
1:33:30]} Bxe5 {[%clk 1:31:53]} 14. h3 {[%clk 1:33:40]} Bd7 {[%clk 1:32:01]} 15.
Nf3 {[%clk 1:34:04]} Nxf3 {[%clk 1:32:22]} 16. gxf3 {[%clk 1:34:29]} f5 {[%clk
1:30:57]} 17. Bxc5 {[%clk 1:28:53]} fxe4 {[%clk 1:30:53]} 18. Rxe4 {[%clk
1:23:20]} Qc7 {[%clk 1:12:44]} 19. Bxb6 {[%clk 1:23:20]} axb6 {[%clk 1:12:10]}
20. d6 {[%clk 0:50:17]} Qxd6 {[%clk 1:01:16]} 21. Rxe5 {[%clk 0:49:31]} Qxe5
{[%clk 1:01:34]} 22. Qxd7 {[%clk 0:49:50]} Rxf3 {[%clk 0:49:05]} 23. Bc4+ {[%clk
0:44:27]} Kh8 {[%clk 0:49:14]} 24. Qxb7 {[%clk 0:33:18]} Qe3+ {[%clk 0:42:34]}
25. Kb1 {[%clk 0:32:36]} Rd8 {[%clk 0:42:20]} 26. Ka1 {[%clk 0:22:04]} Rd2 {[%clk
0:30:07]} 27. Bb3 {[%clk 0:21:37]} Rd3 {[%clk 0:21:55]} 28. Nd5 {[%clk 0:09:29]}
Qe2 {[%clk 0:16:54]} 29. Qc8+ {[%clk 0:09:52]} Kg7 {[%clk 0:17:00]} 30. Qc7+
{[%clk 0:10:17]} Kh6 {[%clk 0:12:30]} 31. Qc1+ {[%clk 0:10:41]} Qd2 {[%clk
0:12:17]} 32. Qxd2+ {[%clk 0:09:46]} Rxd2 {[%clk 0:12:42]} 33. Nxb6 {[%clk
0:09:50]} Rh2 {[%clk 0:13:01]} 34. Rc1 {[%clk 0:09:32]} Rfxh3 {[%clk 0:13:26]}
35. Bd5 {[%clk 0:09:53]} Rd2 {[%clk 0:11:02]} 36. a4 {[%clk 0:08:36]} Rhd3 {[%clk
0:08:42]} 37. a5 {[%clk 0:06:17]} Rxd5 {[%clk 0:08:09]} 38. Nxd5 {[%clk 0:06:33]}
Rxd5 {[%clk 0:08:35]} 39. b4 {[%clk 0:06:57]} Rd4 {[%clk 0:02:03]} 40. Rb1 {[%clk
0:37:21]} g5 {[%clk 0:32:27]} 41. a6 {[%clk 0:37:09]} Rd6 {[%clk 0:32:44]} 42. b5
{[%clk 0:37:32]} Rd4 {[%clk 0:33:08]} 43. Rb2 {[%clk 0:36:58]} Rd1+ {[%clk
0:30:55]} 44. Ka2 {[%clk 0:36:37]} Rd4 {[%clk 0:31:18]} 45. b6 {[%clk 0:36:37]}
Ra4+ {[%clk 0:31:44]} 46. Kb1 {[%clk 0:37:01]} 1-0

[Event "Irena Warakomska Memorial A"]
[Site "Suwalki"]
[Date "2021.07.27"]
[Round "1"]
[White "Kumala, Aleksander"]
[Black "Rozentalis, Eduardas"]
[Result "0-1"]
[Board "4"]
[WhiteElo "2206"]
[WhiteTitle "CM"]
[WhiteCountry "POL"]
[WhiteFideId "1141880"]
[WhiteEloChange "-3"]
[BlackElo "2520"]
[BlackTitle "GM"]
[BlackCountry "LTU"]
[BlackFideId "12800023"]
[BlackEloChange "1"]

1. d4 {[%clk 1:30:58]} Nf6 {[%clk 1:29:37]} 2. Bg5 {[%clk 1:31:21]} d5 {[%clk
1:29:51]} 3. Bxf6 {[%clk 1:31:45]} gxf6 {[%clk 1:30:12]} 4. e3 {[%clk 1:32:10]}
c5 {[%clk 1:30:31]} 5. dxc5 {[%clk 1:32:36]} e6 {[%clk 1:30:32]} 6. Nf3 {[%clk
1:32:48]} Bxc5 {[%clk 1:30:25]} 7. Be2 {[%clk 1:33:14]} Nc6 {[%clk 1:29:30]} 8.
O-O {[%clk 1:33:37]} Bd7 {[%clk 1:29:21]} 9. c4 {[%clk 1:33:09]} dxc4 {[%clk
1:27:27]} 10. Qc2 {[%clk 1:32:51]} b5 {[%clk 1:22:54]} 11. a4 {[%clk 1:33:06]}
Nb4 {[%clk 1:21:36]} 12. Qc1 {[%clk 1:29:03]} bxa4 {[%clk 1:20:39]} 13. Qxc4
{[%clk 1:28:08]} Rc8 {[%clk 1:20:50]} 14. Nc3 {[%clk 1:26:16]} Nc2 {[%clk
1:17:53]} 15. Qg4 {[%clk 1:15:46]} Nxa1 {[%clk 1:14:47]} 16. Qg7 {[%clk 1:16:11]}
Rf8 {[%clk 1:12:38]} 17. Rxa1 {[%clk 1:15:38]} a3 {[%clk 1:12:56]} 18. bxa3
{[%clk 0:55:03]} Be7 {[%clk 1:11:48]} 19. Nb5 {[%clk 0:51:47]} Qb6 {[%clk
1:08:34]} 20. Rb1 {[%clk 0:43:00]} Bxb5 {[%clk 1:00:32]} 21. h4 {[%clk 0:43:08]}
Bxe2 {[%clk 0:58:21]} 22. Rxb6 {[%clk 0:43:31]} axb6 {[%clk 0:58:37]} 23. Qxh7
{[%clk 0:40:31]} Rc1+ {[%clk 0:57:58]} 24. Kh2 {[%clk 0:40:55]} Bd6+ {[%clk
0:58:11]} 25. Kh3 {[%clk 0:41:17]} f5 {[%clk 0:57:54]} 26. Nh2 {[%clk 0:41:26]}
Bg4+ {[%clk 0:58:11]} 27. Nxg4 {[%clk 0:41:51]} Rh1+ {[%clk 0:58:37]} 28. Nh2
{[%clk 0:42:18]} Rxh2# {[%clk 0:59:02]} 0-1

[Event "Irena Warakomska Memorial A"]
[Site "Suwalki"]
[Date "2021.07.27"]
[Round "1"]
[White "Nasuta, Grzegorz"]
[Black "Shilov, Sergej"]
[Result "1-0"]
[Board "5"]
[WhiteElo "2518"]
[WhiteTitle "GM"]
[WhiteCountry "POL"]
[WhiteFideId "1141686"]
[WhiteEloChange "1"]
[BlackElo "2197"]
[BlackTitle "FM"]
[BlackCountry "UKR"]
[BlackFideId "14101505"]
[BlackEloChange "-3"]

1. e4 {[%clk 1:30:57]} e5 {[%clk 1:30:32]} 2. Nf3 {[%clk 1:31:21]} Nc6 {[%clk
1:29:39]} 3. Bb5 {[%clk 1:30:10]} Bc5 {[%clk 1:28:14]} 4. c3 {[%clk 1:23:43]} f5
{[%clk 1:23:05]} 5. d4 {[%clk 1:23:58]} fxe4 {[%clk 1:22:41]} 6. Bxc6 {[%clk
1:24:22]} exf3 {[%clk 1:20:01]} 7. Bxf3 {[%clk 1:15:30]} exd4 {[%clk 1:17:45]} 8.
cxd4 {[%clk 0:50:25]} Bb4+ {[%clk 0:59:00]} 9. Nc3 {[%clk 0:50:47]} Qe7+ {[%clk
0:53:57]} 10. Be3 {[%clk 0:44:25]} Nf6 {[%clk 0:53:52]} 11. O-O {[%clk 0:42:50]}
O-O {[%clk 0:41:47]} 12. Bg5 {[%clk 0:38:49]} Bxc3 {[%clk 0:37:49]} 13. bxc3
{[%clk 0:39:06]} Qf7 {[%clk 0:38:11]} 14. Bxf6 {[%clk 0:36:21]} gxf6 {[%clk
0:37:27]} 15. Re1 {[%clk 0:28:59]} d5 {[%clk 0:35:02]} 16. Re3 {[%clk 0:28:16]}
Bf5 {[%clk 0:34:47]} 17. Qe2 {[%clk 0:27:41]} Qd7 {[%clk 0:29:04]} 18. Re7 {[%clk
0:24:29]} Qd6 {[%clk 0:23:53]} 19. Bg4 {[%clk 0:12:22]} Be4 {[%clk 0:21:28]} 20.
Re6 {[%clk 0:12:47]} Qa3 {[%clk 0:20:49]} 21. Qe3 {[%clk 0:04:51]} Rae8 {[%clk
0:08:33]} 22. Bf5 {[%clk 0:04:18]} Rxe6 {[%clk 0:07:53]} 23. Bxe6+ {[%clk
0:04:47]} Kh8 {[%clk 0:07:47]} 24. f3 {[%clk 0:04:40]} Qd6 {[%clk 0:07:49]} 25.
Qh6 {[%clk 0:05:06]} Bg6 {[%clk 0:06:20]} 26. Bxd5 {[%clk 0:05:30]} Re8 {[%clk
0:05:15]} 27. Bb3 {[%clk 0:05:53]} Re2 {[%clk 0:05:02]} 28. Bc4 {[%clk 0:05:37]}
Rc2 {[%clk 0:01:23]} 29. Rc1 {[%clk 0:06:01]} Qe7 {[%clk 0:01:40]} 30. Rxc2
{[%clk 0:06:03]} Bxc2 {[%clk 0:02:08]} 31. Kf2 {[%clk 0:05:52]} c6 {[%clk
0:02:24]} 32. Qf4 {[%clk 0:02:59]} Kg7 {[%clk 0:02:20]} 33. Qb8 {[%clk 0:03:07]}
b5 {[%clk 0:02:30]} 34. Qg8+ {[%clk 0:03:13]} Kh6 {[%clk 0:02:49]} 35. Qe6 {[%clk
0:03:21]} Qd8 {[%clk 0:02:46]} 36. Be2 {[%clk 0:03:10]} b4 {[%clk 0:02:19]} 37.
Qe3+ {[%clk 0:01:51]} Kg7 {[%clk 0:02:31]} 38. cxb4 {[%clk 0:02:16]} Qd6 {[%clk
0:02:55]} 39. Qd2 {[%clk 0:02:16]} Bb1 {[%clk 0:33:27]} 40. g3 {[%clk 0:32:15]}
h5 {[%clk 0:33:44]} 41. a3 {[%clk 0:24:55]} Qe6 {[%clk 0:31:31]} 42. h4 {[%clk
0:19:34]} Qh3 {[%clk 0:31:20]} 43. Bf1 {[%clk 0:19:21]} Qe6 {[%clk 0:28:50]} 44.
Qb2 {[%clk 0:11:24]} Ba2 {[%clk 0:28:01]} 45. b5 {[%clk 0:09:57]} Bd5 {[%clk
0:27:54]} 46. a4 {[%clk 0:03:54]} Qf5 {[%clk 0:27:25]} 47. Qc3 {[%clk 0:04:16]}
Qd7 {[%clk 0:25:37]} 48. Qc5 {[%clk 0:04:10]} cxb5 {[%clk 0:24:46]} 49. Bxb5
{[%clk 0:03:16]} Qb7 {[%clk 0:24:48]} 50. Be2 {[%clk 0:03:19]} Bf7 {[%clk
0:21:18]} 51. a5 {[%clk 0:03:31]} Bd5 {[%clk 0:21:02]} 52. a6 {[%clk 0:03:24]}
Qf7 {[%clk 0:20:59]} 53. Bb5 {[%clk 0:03:13]} Kh6 {[%clk 0:20:01]} 54. Qd6 {[%clk
0:02:52]} Kg7 {[%clk 0:18:10]} 55. Qd7 {[%clk 0:03:01]} Qxd7 {[%clk 0:18:10]} 56.
Bxd7 {[%clk 0:03:26]} Kf7 {[%clk 0:18:15]} 57. Bc8 {[%clk 0:03:47]} Ke7 {[%clk
0:17:13]} 58. Bb7 {[%clk 0:04:10]} Bc4 {[%clk 0:16:33]} 59. Ke3 {[%clk 0:04:34]}
f5 {[%clk 0:15:38]} 60. Kf4 {[%clk 0:03:57]} Kf6 {[%clk 0:16:00]} 61. Bc8 {[%clk
0:03:34]} Bb5 {[%clk 0:14:21]} 62. d5 {[%clk 0:03:36]} Bc4 {[%clk 0:13:31]} 63.
d6 {[%clk 0:03:56]} Be2 {[%clk 0:13:47]} 64. d7 {[%clk 0:02:13]} Ke7 {[%clk
0:14:09]} 65. Bb7 {[%clk 0:02:37]} Bd3 {[%clk 0:12:17]} 66. Kg5 {[%clk 0:03:01]}
Kxd7 {[%clk 0:12:34]} 67. Kxh5 {[%clk 0:03:25]} Ke7 {[%clk 0:12:44]} 68. Kg5
{[%clk 0:03:47]} Kf7 {[%clk 0:12:49]} 69. h5 {[%clk 0:03:14]} Kg7 {[%clk
0:12:54]} 70. Bc8 {[%clk 0:03:36]} Kh8 {[%clk 0:13:05]} 71. Kf6 {[%clk 0:03:25]}
Be2 {[%clk 0:13:07]} 72. Bb7 {[%clk 0:03:46]} Bd3 {[%clk 0:13:16]} 73. g4 {[%clk
0:02:45]} fxg4 {[%clk 0:13:15]} 74. fxg4 {[%clk 0:03:12]} Be2 {[%clk 0:13:29]}
75. Bc8 {[%clk 0:03:18]} Kh7 {[%clk 0:12:39]} 76. Ke7 {[%clk 0:03:06]} 1-0

[Event "Irena Warakomska Memorial A"]
[Site "Suwalki"]
[Date "2021.07.27"]
[Round "1"]
[White "Kukula, Pawel"]
[Black "Laurusas, Tomas"]
[Result "0-1"]
[Board "6"]
[WhiteElo "2195"]
[WhiteCountry "POL"]
[WhiteFideId "1115081"]
[WhiteEloChange "-3"]
[BlackElo "2518"]
[BlackTitle "IM"]
[BlackCountry "LTU"]
[BlackFideId "12803731"]
[BlackEloChange "1"]

1. d4 {[%clk 1:30:55]} Nf6 {[%clk 1:19:59]} 2. c4 {[%clk 1:31:13]} e6 {[%clk
1:20:25]} 3. Nf3 {[%clk 1:31:00]} d5 {[%clk 1:20:35]} 4. Nc3 {[%clk 1:28:05]} c6
{[%clk 1:18:33]} 5. Bg5 {[%clk 1:24:42]} h6 {[%clk 1:18:56]} 6. Bxf6 {[%clk
1:18:53]} Qxf6 {[%clk 1:19:07]} 7. e3 {[%clk 1:19:18]} Nd7 {[%clk 1:19:14]} 8.
Rc1 {[%clk 1:19:38]} g6 {[%clk 1:11:37]} 9. Be2 {[%clk 1:18:23]} Bg7 {[%clk
1:11:59]} 10. O-O {[%clk 1:18:46]} O-O {[%clk 1:12:25]} 11. b4 {[%clk 1:18:26]}
a6 {[%clk 1:02:09]} 12. Qb3 {[%clk 1:07:28]} Qe7 {[%clk 0:59:54]} 13. cxd5 {[%clk
1:06:42]} exd5 {[%clk 0:57:33]} 14. a4 {[%clk 0:47:50]} b5 {[%clk 0:57:33]} 15.
Bd3 {[%clk 0:47:50]} Nb6 {[%clk 0:56:26]} 16. Rfe1 {[%clk 0:43:11]} Be6 {[%clk
0:55:56]} 17. a5 {[%clk 0:40:06]} Nc4 {[%clk 0:56:09]} 18. Bxc4 {[%clk 0:40:02]}
bxc4 {[%clk 0:56:06]} 19. Qa4 {[%clk 0:38:06]} Rfc8 {[%clk 0:52:15]} 20. e4
{[%clk 0:36:39]} Qd6 {[%clk 0:50:11]} 21. exd5 {[%clk 0:30:26]} cxd5 {[%clk
0:50:14]} 22. Ne5 {[%clk 0:30:37]} Rab8 {[%clk 0:41:09]} 23. Rb1 {[%clk 0:28:34]}
Bf5 {[%clk 0:40:07]} 24. Rb2 {[%clk 0:27:18]} Re8 {[%clk 0:38:02]} 25. Rbe2
{[%clk 0:20:47]} Qxb4 {[%clk 0:22:55]} 26. Qxb4 {[%clk 0:20:48]} Rxb4 {[%clk
0:23:20]} 27. Nxd5 {[%clk 0:21:11]} Ra4 {[%clk 0:23:41]} 28. Nb6 {[%clk 0:07:16]}
Rxa5 {[%clk 0:23:50]} 29. Nbxc4 {[%clk 0:07:40]} Rd5 {[%clk 0:23:39]} 30. Nc6
{[%clk 0:06:30]} Rxe2 {[%clk 0:23:24]} 31. Rxe2 {[%clk 0:06:56]} Kf8 {[%clk
0:13:16]} 32. Ne3 {[%clk 0:04:03]} Rb5 {[%clk 0:12:02]} 33. f3 {[%clk 0:01:49]}
Bd7 {[%clk 0:12:08]} 34. Ne5 {[%clk 0:00:56]} Bxe5 {[%clk 0:12:23]} 35. dxe5
{[%clk 0:01:23]} Rxe5 {[%clk 0:12:47]} 36. Kf2 {[%clk 0:01:39]} a5 {[%clk
0:11:24]} 37. Rd2 {[%clk 0:02:01]} Be6 {[%clk 0:10:37]} 38. Rd8+ {[%clk 0:01:36]}
Ke7 {[%clk 0:11:00]} 39. Ra8 {[%clk 0:02:02]} Kd6 {[%clk 0:08:26]} 40. f4 {[%clk
0:32:24]} Rb5 {[%clk 0:38:42]} 41. g4 {[%clk 0:32:46]} Kc5 {[%clk 0:35:52]} 42.
f5 {[%clk 0:29:27]} gxf5 {[%clk 0:35:55]} 43. gxf5 {[%clk 0:28:15]} Bb3 {[%clk
0:36:17]} 44. Ra6 {[%clk 0:23:54]} a4 {[%clk 0:30:42]} 45. Ke2 {[%clk 0:20:51]}
Kb4 {[%clk 0:27:13]} 46. Kd2 {[%clk 0:20:35]} h5 {[%clk 0:27:36]} 47. Rh6 {[%clk
0:16:47]} a3 {[%clk 0:24:45]} 48. Ra6 {[%clk 0:13:43]} a2 {[%clk 0:24:26]} 49.
Kc1 {[%clk 0:13:38]} Re5 {[%clk 0:24:16]} 0-1

[Event "Irena Warakomska Memorial A"]
[Site "Suwalki"]
[Date "2021.07.27"]
[Round "1"]
[White "Janik, Igor"]
[Black "Sowul, Bartosz"]
[Result "0-1"]
[Board "7"]
[WhiteElo "2500"]
[WhiteTitle "IM"]
[WhiteCountry "POL"]
[WhiteFideId "1159259"]
[WhiteEloChange "-9"]
[BlackElo "2186"]
[BlackCountry "POL"]
[BlackFideId "1137590"]
[BlackEloChange "17"]

1. d4 {[%clk 1:30:58]} Nf6 {[%clk 1:29:04]} 2. Nf3 {[%clk 1:31:19]} c5 {[%clk
1:29:02]} 3. d5 {[%clk 1:31:42]} e6 {[%clk 1:27:58]} 4. c4 {[%clk 1:32:05]} d6
{[%clk 1:28:18]} 5. Nc3 {[%clk 1:32:20]} exd5 {[%clk 1:28:38]} 6. cxd5 {[%clk
1:32:44]} g6 {[%clk 1:28:48]} 7. Bf4 {[%clk 1:33:06]} a6 {[%clk 1:27:19]} 8. a4
{[%clk 1:33:28]} Bg7 {[%clk 1:27:31]} 9. h3 {[%clk 1:33:50]} O-O {[%clk 1:27:48]}
10. e3 {[%clk 1:34:14]} Ne8 {[%clk 1:28:02]} 11. Be2 {[%clk 1:34:05]} Nd7 {[%clk
1:28:20]} 12. Nd2 {[%clk 1:33:24]} Ne5 {[%clk 1:25:30]} 13. O-O {[%clk 1:31:52]}
b6 {[%clk 1:25:49]} 14. Bh2 {[%clk 1:29:57]} f5 {[%clk 1:24:27]} 15. Qb3 {[%clk
1:27:09]} Rb8 {[%clk 1:19:47]} 16. f4 {[%clk 1:26:12]} Nf7 {[%clk 1:14:59]} 17.
e4 {[%clk 1:20:38]} Kh8 {[%clk 1:06:31]} 18. Kh1 {[%clk 1:14:45]} Nc7 {[%clk
1:03:31]} 19. Nc4 {[%clk 1:04:58]} fxe4 {[%clk 0:52:19]} 20. Nxe4 {[%clk
1:03:51]} Bf5 {[%clk 0:49:51]} 21. Ng3 {[%clk 0:56:52]} Nh6 {[%clk 0:37:54]} 22.
Bf3 {[%clk 0:51:56]} b5 {[%clk 0:29:16]} 23. axb5 {[%clk 0:52:12]} axb5 {[%clk
0:29:20]} 24. Na5 {[%clk 0:51:44]} Qf6 {[%clk 0:28:32]} 25. Ra2 {[%clk 0:46:46]}
Ra8 {[%clk 0:24:49]} 26. Rfa1 {[%clk 0:44:29]} Rfe8 {[%clk 0:14:03]} 27. Qd1
{[%clk 0:42:46]} Qh4 {[%clk 0:11:24]} 28. Nc6 {[%clk 0:29:54]} Rxa2 {[%clk
0:02:39]} 29. Rxa2 {[%clk 0:30:23]} b4 {[%clk 0:02:53]} 30. Qf1 {[%clk 0:14:38]}
b3 {[%clk 0:01:09]} 31. Ra7 {[%clk 0:10:57]} Bxb2 {[%clk 0:01:20]} 32. Rxc7
{[%clk 0:09:46]} Bc3 {[%clk 0:01:43]} 33. Ne2 {[%clk 0:08:18]} b2 {[%clk
0:01:27]} 34. Rb7 {[%clk 0:07:57]} Bb4 {[%clk 0:00:51]} 35. Nxb4 {[%clk 0:06:30]}
b1=Q {[%clk 0:01:10]} 36. Qxb1 {[%clk 0:06:55]} Bxb1 {[%clk 0:01:33]} 37. Nc6
{[%clk 0:07:22]} Qe1+ {[%clk 0:00:49]} 38. Ng1 {[%clk 0:06:30]} Nf5 {[%clk
0:01:11]} 39. Nb8 {[%clk 0:06:07]} Bd3 {[%clk 0:00:58]} 40. Nd7 {[%clk 0:36:14]}
Qa1 {[%clk 0:30:42]} 41. Bg4 {[%clk 0:36:24]} c4 {[%clk 0:29:41]} 42. Rc7 {[%clk
0:35:58]} Be4 {[%clk 0:26:12]} 43. h4 {[%clk 0:34:35]} Qf1 {[%clk 0:23:04]} 44.
Bh3 {[%clk 0:35:03]} Nxh4 {[%clk 0:23:23]} 45. Bg3 {[%clk 0:35:25]} Bxg2+ {[%clk
0:23:44]} 0-1